01057 2200349 4500001002100000005001500021035002000036007000300056008004100059020002200100082001500122084001700137100002500154245012900179250002000308300004700328650002400375650002300399700002100422700002200443504002900465264003200494336002100526337003000547338002300577040002200600090002100622090002200643850001200665041000800677990002200685INLIS00000000084576020190410031242 a0010-0419000619ta190410s2018 yoia b | ind d a978-602-5781-25-404223a297.18 a297.18 AIF k0 aAifa SyahePengarang1 aKisah hewan-hewan pada zaman Nabi dan Rasul :bdilengkapi fakta unik hewan /cAifa Syah; penyunting, Kira; ilustrator, Wiwid aCetakan pertama a139 halaman :bilustrasi berwarna ;c27 cm 4aIslam Cerita-cerita 5aBacaan kanak-kanak0 aKiraePenyunting0 aWiwideIlustrator aBibliografi: halaman 138 aYogyakarta :bNoktah,c2018 2rdacontentateks 2rdamediaatanpa perantara 2rdacarrieravolume aYOPDYOGbinderda aDEP 297.18 AIF k aCB-D.11 2018-1446 aYOPDYOG0 aind aCB-D.11/2018-1446